Historia del cine: nueva edición actualizada

保存先:
書誌詳細
第一著者: Cousins, Mark (著者)
フォーマット: 図書
言語:スペイン語
出版事項: Barcelona Blume 2008
主題:
タグ: タグ追加
タグなし, このレコードへの初めてのタグを付けませんか!

MARC

LEADER 00000cam a2200000 a 4500
001 UCF7127
003 CL-VaPUC
008 130606e20080000SP |||||||||||||||||spa|d
020 |a 9788480769587 
082 0 4 |a 791.43  |b COU  |2 21 
100 0 |a Cousins, Mark  |e author  |9 569109 
245 1 0 |a Historia del cine: nueva edición actualizada 
300 |a 512 p 
942 |c BK 
945 |d 20130606 00:00:00  |a dcastane 
260 |a Barcelona  |b Blume  |c 2008 
650 0 |a Historia del cine  |9 265166 
650 7 |a PELICULAS CINEMATOGRAFICAS  |2 CL-VaPUC  |9 569110 
650 0 |a Directores de cine  |9 368705 
583 |a last modification  |c 20130606 11:56:00  |k Rodrigo Vera 
999 |c 352046  |d 352044 
952 |0 0  |1 0  |4 0  |6 791_430000000000000_COU_2008  |7 0  |8 A  |9 456551  |a BIBARQ  |b BIBARQ  |d 2019-11-22  |i 497767K  |l 1  |o 791.43 COU 2008  |p 497767K  |r 2025-03-26  |s 2025-03-20  |w 2019-11-22  |y BK  |k ARQ